000 00407pab a2200169 454500
008 180718b2000 xxu||||| |||| 00| 0 eng d
100 _aAgarwal, Anil
245 _aDrought? try capturing the rain
260 _c2000
300 _ap.359-68
362 _aOct-Dec
650 _aRain - India
650 _aDrought control - India
650 _aDrought control
773 _aProductivity
909 _a48267
999 _c48267
_d48267